Statistics for Biggest Trading Partners - Iceland

Click here to take the quiz!

General Stats

  • This quiz has been taken 203 times
  • The average score is 26 of 30

Answer Stats

Exports Country % Correct
$503 MUnited Kingdom
99%
$189 MNorway
98%
$346 MUnited States
98%
$222 MSweden
97%
$107 MDenmark
97%
$462 MSpain
95%
$91.3 MChina
95%
$309 MGermany
94%
$177 MItaly
91%
$1.13 BNetherlands
90%
$296 MFrance
90%
$99.6 MJapan
88%
$52 MPoland
87%
$102 MBelgium
86%
$58.8 MSwitzerland
79%
$83.1 MPortugal
79%
$96 MBrazil
74%
$119 MAustralia
65%
$49.6 MNigeria
15%

Score Distribution

Percentile by Number Answered

Percent of People with Each Score

Your Score History

You have not taken this quiz